[Event "Ste Foy Jeudi 1"]
[Site "Ste Foy"]
[Date "2017.06.29"]
[Round "5"]
[White "Doyon, Stephane"]
[Black "Cummins, Paul"]
[Result "1/2-1/2"]
[WhiteElo "1821"]
[BlackElo "1757"]
[PlyCount "40"]
[EventDate "2017.06.01"]
[EventType "swiss"]
[EventRounds "5"]
[EventCountry "CAN"]
[SourceTitle "EXT 2022"]
[Source "ChessBase"]
[SourceDate "2021.10.06"]
[SourceVersion "1"]
[SourceVersionDate "2021.10.06"]
[SourceQuality "1"]

1. e4 e6 2. d4 d5 3. Nd2 dxe4 4. Nxe4 Bd7 5. Nf3 Bc6 6. Bd3 Nd7 7. 0-0 Ngf6 8. Nxf6+ Qxf6 9. Re1 Bxf3 10. Qxf3 Qxf3 11. gxf3 c6 12. Bf4 Be7 13. Rad1 0-0 14. c4 Bf6 15. Bf1 Rac8 16. d5 cxd5 17. cxd5 exd5 18. Rxd5 Nb6 19. Rd2 h6 20. Red1 Rfd8 1/2-1/2

[Event "Ste Foy Jeudi 1"]
[Site "Ste Foy"]
[Date "2017.06.15"]
[Round "3"]
[White "Genest, Dominic"]
[Black "Doyon, Stephane"]
[Result "1-0"]
[WhiteElo "1711"]
[BlackElo "1825"]
[PlyCount "75"]
[EventDate "2017.06.01"]
[EventType "swiss"]
[EventRounds "5"]
[EventCountry "CAN"]
[SourceTitle "EXT 2022"]
[Source "ChessBase"]
[SourceDate "2021.10.06"]
[SourceVersion "1"]
[SourceVersionDate "2021.10.06"]
[SourceQuality "1"]

1. c4 c6 2. g3 Nf6 3. Bg2 d5 4. Nf3 e6 5. 0-0 Nbd7 6. b3 dxc4 7. bxc4 Bd6 8. Nc3 0-0 9. Bb2 e5 10. Qc2 Re8 11. d3 b6 12. Nd2 Bb7 13. Nb5 Nc5 14. Nxd6 Qxd6 15. Ba3 Qc7 16. Bxc5 bxc5 17. Qa4 Reb8 18. Rab1 a6 19. Rb3 Ra7 20. Rfb1 Nd7 21. Qa3 Qd6 22. Ne4 Qe7 23. Nc3 f5 24. Na4 h6 25. Nb6 Nf6 26. Na4 Nd7 27. Qb2 e4 28. dxe4 fxe4 29. Re3 Bc8 30. Qc2 Rxb1+ 31. Qxb1 Rb7 32. Qc2 Qe5 33. Nc3 Nf6 34. Bxe4 Qb8 35. Bxc6 Rb2 36. Qg6 Qd6 37. Nd5 Bh3 38. Nxf6+ 1-0

[Event "Ste Foy Polgar"]
[Site "Ste Foy"]
[Date "2017.05.20"]
[Round "2"]
[White "Poliquin, Yvone"]
[Black "Doyon, Stephane"]
[Result "1-0"]
[WhiteElo "1960"]
[BlackElo "1825"]
[PlyCount "125"]
[EventDate "2017.05.13"]
[EventType "swiss"]
[EventRounds "5"]
[EventCountry "CAN"]
[SourceTitle "EXT 2022"]
[Source "ChessBase"]
[SourceDate "2021.10.06"]
[SourceVersion "1"]
[SourceVersionDate "2021.10.06"]
[SourceQuality "1"]

1. e4 c6 2. d4 d5 3. e5 Bf5 4. Nc3 Qb6 5. Bd3 Bxd3 6. Qxd3 e6 7. Be3 Ne7 8. f4 Qa6 9. Qxa6 Nxa6 10. Nge2 Nf5 11. Bf2 c5 12. 0-0-0 cxd4 13. Nxd4 Nxd4 14. Bxd4 Be7 15. Nb5 0-0 16. c3 Nc5 17. Bxc5 Bxc5 18. Kb1 a6 19. Nd4 Bxd4 20. Rxd4 Rac8 21. Rhd1 h6 22. R1d3 Rc7 23. Kc2 Rfc8 24. Kd2 Kf8 25. g4 Rc4 26. h4 Rxd4 27. Rxd4 Ke7 28. Rb4 Rc7 29. h5 f6 30. Rb6 fxe5 31. fxe5 Kf7 32. Kd3 Ke7 33. Ke3 Kf7 34. Kf3 Re7 35. a4 g6 36. Ke3 gxh5 37. gxh5 Ke8 38. Kd4 Kd8 39. Rd6+ Kc7 40. a5 Re8 41. b3 Re7 42. b4 Re8 43. Kc5 Re7 44. b5 axb5 45. Kxb5 Re8 46. Rb6 Re7 47. Kc5 Re8 48. a6 bxa6 49. Rxa6 Kb7 50. Rc6 Re7 51. Kd6 Rg7 52. Rc5 Kb6 53. Rc8 Rg5 54. Kxe6 Rxh5 55. Kxd5 Kb7 56. Rc4 Rh1 57. e6 Rd1+ 58. Ke5 Re1+ 59. Kf6 Rf1+ 60. Ke7 h5 61. Kd7 Rf8 62. Rb4+ Ka7 63. e7 1-0

[Event "Ste Foy Euwe"]
[Site "Ste Foy"]
[Date "2017.02.11"]
[Round "5"]
[White "Oliver, Vance"]
[Black "Doyon, Stephane"]
[Result "1/2-1/2"]
[WhiteElo "1511"]
[BlackElo "1881"]
[PlyCount "107"]
[EventDate "2017.01.14"]
[EventType "swiss"]
[EventRounds "5"]
[EventCountry "CAN"]
[SourceTitle "EXT 2022"]
[Source "ChessBase"]
[SourceDate "2021.10.06"]
[SourceVersion "1"]
[SourceVersionDate "2021.10.06"]
[SourceQuality "1"]

1. Nf3 d5 2. g3 Nf6 3. Bg2 Bg4 4. d3 e6 5. Nbd2 c5 6. 0-0 Be7 7. c3 Nc6 8. e4 dxe4 9. dxe4 0-0 10. Qc2 Qc7 11. Re1 Rad8 12. a4 Rd7 13. Nc4 e5 14. Nh4 Rfd8 15. Bg5 Be6 16. Qe2 h6 17. Bxf6 Bxf6 18. Nf5 Rd3 19. Nfe3 Bxc4 20. Nxc4 Na5 21. Nxa5 Qxa5 22. Red1 Rxd1+ 23. Rxd1 Qxa4 24. Rxd8+ Bxd8 25. Bf1 Bg5 26. Qc4 Qxc4 27. Bxc4 Bc1 28. b3 Bb2 29. Bd5 Bxc3 30. Bxb7 Kf8 31. Ba6 Ke7 32. Kf1 Kd6 33. Ke2 Kc6 34. Kd3 Bd4 35. f3 Kb6 36. Bc4 f6 37. g4 Ka5 38. h4 Kb4 39. h5 a5 40. Bd5 a4 41. bxa4 Kxa4 42. Bc4 Ka3 43. Bd5 Kb2 44. Bc4 Kc1 45. Bb3 Bb2 46. Ke2 Ba3 47. Kd3 Bb4 48. Ba4 Ba5 49. Bb3 c4+ 50. Bxc4 Kd1 51. Bb3+ Ke1 52. Bc2 Bb6 53. Bb3 Kf2 54. Bd1 1/2-1/2

[Event "Quebec Montcalm op"]
[Site "Quebec"]
[Date "2017.01.07"]
[Round "3"]
[White "Chevalier, Francois"]
[Black "Doyon, Stephane"]
[Result "1/2-1/2"]
[WhiteElo "1754"]
[BlackElo "1934"]
[PlyCount "33"]
[EventDate "2017.01.06"]
[EventType "swiss"]
[EventRounds "5"]
[EventCountry "CAN"]
[SourceTitle "EXT 2022"]
[Source "ChessBase"]
[SourceDate "2021.10.06"]
[SourceVersion "1"]
[SourceVersionDate "2021.10.06"]
[SourceQuality "1"]

1. d4 d5 2. Bf4 Nf6 3. e3 c5 4. c3 e6 5. Nd2 Nc6 6. Bd3 Bd6 7. Bg3 0-0 8. Ngf3 Qe7 9. Ne5 Nd7 10. Nxd7 Bxd7 11. Bxd6 Qxd6 12. Nf3 f5 13. 0-0 Be8 14. Be2 Bh5 15. Nd2 Bxe2 16. Qxe2 Rf6 17. f4 1/2-1/2

[Event "Ste Foy Tal"]
[Site "Ste Foy"]
[Date "2016.12.10"]
[Round "4"]
[White "Doyon, Stephane"]
[Black "Desbiens, Raphael"]
[Result "0-1"]
[WhiteElo "1981"]
[BlackElo "1422"]
[PlyCount "80"]
[EventDate "2016.11.19"]
[EventType "tourn"]
[EventRounds "5"]
[EventCountry "CAN"]
[SourceTitle "EXT 2022"]
[Source "ChessBase"]
[SourceDate "2021.10.06"]
[SourceVersion "1"]
[SourceVersionDate "2021.10.06"]
[SourceQuality "1"]

1. e4 e5 2. Nf3 Nc6 3. d4 exd4 4. Nxd4 Bc5 5. Nxc6 Qf6 6. Qf3 dxc6 7. Nd2 Be6 8. Nb3 Bd6 9. Bd3 0-0-0 10. 0-0 Qh4 11. g3 Bg4 12. Qe3 Qh3 13. Re1 Kb8 14. Bd2 Nf6 15. Bc3 Be6 16. Bf1 Qh5 17. Be2 Ng4 18. Bxg4 Qxg4 19. e5 Be7 20. Nd4 Bd5 21. Ne2 Bc5 22. Bd4 Bxd4 23. Nxd4 h5 24. c3 h4 25. Qe2 Qh3 26. Qf1 hxg3 27. Qxh3 gxf2+ 28. Kxf2 Rxh3 29. Kg1 c5 30. Nf5 Be6 31. Ne3 Rd2 32. Ng2 Rxb2 33. Nf4 Rhxh2 34. Nxe6 fxe6 35. Rad1 Kc8 36. Rd3 Rbg2+ 37. Kf1 Rxa2 38. Kg1 Rag2+ 39. Kf1 Rh1+ 40. Kxg2 Rxe1 0-1

[Event "Quebec Montcalm op 2 2016-17"]
[Site "Quebec"]
[Date "2016.11.10"]
[Round "5"]
[White "Garcia, Carlos3333"]
[Black "Doyon, Stephane"]
[Result "1/2-1/2"]
[WhiteElo "1845"]
[BlackElo "1852"]
[PlyCount "69"]
[EventDate "2016.10.13"]
[EventType "swiss"]
[EventRounds "5"]
[EventCountry "CAN"]
[SourceTitle "EXT 2022"]
[Source "ChessBase"]
[SourceDate "2021.10.06"]
[SourceVersion "1"]
[SourceVersionDate "2021.10.06"]
[SourceQuality "1"]

1. e4 c6 2. d3 d5 3. Nd2 e5 4. Ngf3 Bd6 5. g3 Nf6 6. Bg2 0-0 7. 0-0 Bg4 8. h3 Bxf3 9. Qxf3 Nbd7 10. Re1 Re8 11. Nf1 Nf8 12. Ne3 d4 13. Nf5 Ng6 14. Bg5 Bb4 15. Rf1 Be7 16. h4 h6 17. Bd2 Bf8 18. h5 Nh8 19. g4 Nh7 20. Qg3 Bd6 21. Nxd6 Qxd6 22. f4 f6 23. g5 fxg5 24. fxg5 hxg5 25. Rf5 Nf7 26. Raf1 Nh6 27. R5f2 Rf8 28. Rxf8+ Rxf8 29. Rxf8+ Kxf8 30. Bxg5 Nxg5 31. Qxg5 Qe7 32. Qg6 Qh4 33. Qd6+ Qe7 34. Qg6 Qh4 35. Qd6+ 1/2-1/2

[Event "Ste Foy Fischer"]
[Site "Ste Foy"]
[Date "2016.11.05"]
[Round "4"]
[White "Doyon, Stephane"]
[Black "Sarra Bournet, Marc"]
[Result "1-0"]
[WhiteElo "1852"]
[BlackElo "1862"]
[PlyCount "105"]
[EventDate "2016.10.15"]
[EventType "swiss"]
[EventRounds "5"]
[EventCountry "CAN"]
[SourceTitle "EXT 2022"]
[Source "ChessBase"]
[SourceDate "2021.10.06"]
[SourceVersion "1"]
[SourceVersionDate "2021.10.06"]
[SourceQuality "1"]

1. e4 e5 2. Nf3 Nc6 3. d4 exd4 4. Nxd4 Bc5 5. Nxc6 Qf6 6. Qf3 bxc6 7. Nd2 Qxf3 8. gxf3 Ne7 9. Nb3 Bb6 10. a4 a5 11. Rg1 Ng6 12. Be3 0-0 13. 0-0-0 Bxe3+ 14. fxe3 d6 15. Nd4 Bb7 16. Nf5 d5 17. Bd3 Rfe8 18. h4 Bc8 19. exd5 Bxf5 20. Bxf5 Nxh4 21. Bd7 Rxe3 22. Bxc6 Rd8 23. Rge1 Rxe1 24. Rxe1 Nxf3 25. Re7 Nd4 26. Rxc7 f5 27. Bd7 f4 28. c3 Ne2+ 29. Kd1 f3 30. Be6+ Kh8 31. Rf7 Ng1 32. Ke1 g5 33. Kf2 Ne2 34. Kxf3 Nf4 35. c4 Rb8 36. Kg4 h6 37. c5 Rxb2 38. c6 Rg2+ 39. Kf3 Rc2 40. c7 Ng6 41. Ke3 Rc3+ 42. Kd4 Rc1 43. c8Q+ Rxc8 44. Bxc8 h5 45. d6 Kg8 46. Rf1 Nf8 47. d7 Ne6+ 48. Kc3 g4 49. Re1 Nd8 50. Re8+ Kf7 51. Rxd8 g3 52. Re8 g2 53. Re1 1-0

[Event "Ste Foy Fischer"]
[Site "Ste Foy"]
[Date "2016.10.29"]
[Round "3"]
[White "Caron, Sebastien"]
[Black "Doyon, Stephane"]
[Result "0-1"]
[WhiteElo "1987"]
[BlackElo "1852"]
[PlyCount "69"]
[EventDate "2016.10.15"]
[EventType "swiss"]
[EventRounds "5"]
[EventCountry "CAN"]
[SourceTitle "EXT 2022"]
[Source "ChessBase"]
[SourceDate "2021.10.06"]
[SourceVersion "1"]
[SourceVersionDate "2021.10.06"]
[SourceQuality "1"]

1. e4 c6 2. d4 d5 3. e5 Bf5 4. g4 Bd7 5. c4 e6 6. Nc3 Ne7 7. Nf3 c5 8. Rg1 cxd4 9. Nxd4 dxc4 10. f4 Nd5 11. Rg3 Be7 12. g5 Qb6 13. Bxc4 Bc5 14. Ndb5 Nxc3 15. Nxc3 Bf2+ 16. Kf1 Bxg3 17. hxg3 Qc6 18. Qd3 Qh1+ 19. Ke2 Bc6 20. b4 Qg2+ 21. Ke1 0-0 22. b5 Bf3 23. Ne2 Bxe2 24. Qxe2 Qxg3+ 25. Kf1 Rd8 26. a4 Qh3+ 27. Kg1 Qg3+ 28. Kf1 Qc3 29. Bb2 Qh3+ 30. Kg1 Qg3+ 31. Kh1 Qxf4 32. Rd1 Qh4+ 33. Kg2 Qxg5+ 34. Kh3 Nd7 35. Rg1 0-1

[Event "Ste Foy Petrosian"]
[Site "Ste Foy"]
[Date "2016.04.23"]
[Round "3"]
[White "Sauve, Richard"]
[Black "Doyon, Stephane"]
[Result "1/2-1/2"]
[WhiteElo "1883"]
[BlackElo "1805"]
[PlyCount "121"]
[EventDate "2016.04.09"]
[EventType "swiss"]
[EventRounds "5"]
[EventCountry "CAN"]
[SourceTitle "EXT 2022"]
[Source "ChessBase"]
[SourceDate "2021.10.06"]
[SourceVersion "1"]
[SourceVersionDate "2021.10.06"]
[SourceQuality "1"]

1. d4 d5 2. c4 c6 3. e3 Nf6 4. Nc3 e6 5. Nf3 Nbd7 6. Qc2 Bd6 7. Bd3 0-0 8. 0-0 Re8 9. e4 dxe4 10. Nxe4 Nxe4 11. Bxe4 Nf6 12. Bd3 e5 13. dxe5 Bxe5 14. Nxe5 Rxe5 15. Bf4 Re8 16. Bg5 h6 17. Bh4 Qd4 18. Bxf6 Qxf6 19. Rfe1 Bg4 20. h3 Bh5 21. Qd2 Bg6 22. Bxg6 fxg6 23. Qd7 Rxe1+ 24. Rxe1 Qxb2 25. Re7 Rf8 26. Qxb7 Qxf2+ 27. Kh2 Qf4+ 28. Kh1 Qd4 29. Re1 Qxc4 30. Qxa7 Rf1+ 31. Rxf1 Qxf1+ 32. Kh2 Qf4+ 33. Kg1 Qc1+ 34. Kh2 c5 35. a4 Qf4+ 36. Kg1 c4 37. Qc5 Qc1+ 38. Kh2 c3 39. Qc4+ Kh7 40. a5 c2 41. a6 Qd2 42. a7 c1Q 43. Qxc1 Qxc1 44. a8Q Qf4+ 45. Kg1 g5 46. Qc8 h5 47. Qc2+ Kh6 48. Qc6+ Qf6 49. Qe4 Qb6+ 50. Kh2 Qc7+ 51. Kg1 Qc1+ 52. Kf2 Qf4+ 53. Qf3 Kg6 54. Ke2 Qxf3+ 55. Kxf3 Kf5 56. g3 g4+ 57. hxg4+ hxg4+ 58. Ke3 Ke5 59. Kd3 Kd5 60. Ke3 Ke5 61. Kd3 1/2-1/2

[Event "Quebec Zukertort"]
[Site "Quebec"]
[Date "2016.02.22"]
[Round "2"]
[White "Doyon, Stephane"]
[Black "Bluteau, Yvon"]
[Result "1-0"]
[WhiteElo "1761"]
[BlackElo "1982"]
[PlyCount "97"]
[EventDate "2016.02.15"]
[EventType "swiss"]
[EventRounds "5"]
[EventCountry "CAN"]
[SourceTitle "EXT 2022"]
[Source "ChessBase"]
[SourceDate "2021.10.06"]
[SourceVersion "1"]
[SourceVersionDate "2021.10.06"]
[SourceQuality "1"]

1. e4 d5 2. exd5 Nf6 3. c4 e6 4. Nc3 exd5 5. d4 Bb4 6. cxd5 Qxd5 7. Bd2 Bxc3 8. Bxc3 0-0 9. Nf3 Re8+ 10. Be2 Qe4 11. Kf1 b6 12. Ne5 Ba6 13. Bxa6 Nxa6 14. Qb3 Re6 15. Qb5 Qb7 16. Re1 c6 17. Qd3 Rae8 18. Qf3 Nd5 19. Nc4 Qe7 20. Rxe6 Qxe6 21. Bd2 b5 22. Ne5 c5 23. g3 cxd4 24. Nd3 Qh3+ 25. Kg1 Nac7 26. Nf4 Nxf4 27. Qxf4 Ne6 28. Qe4 Qh5 29. Kg2 g5 30. Qc6 f5 31. Re1 Qf7 32. Qxb5 f4 33. Qc6 fxg3 34. hxg3 Qg6 35. Qd5 Qf7 36. Re5 h6 37. Rf5 Qg6 38. Re5 Qf7 39. f4 gxf4 40. Rf5 Qg6 41. Bxf4 d3 42. Re5 Kh8 43. Bxh6 Kh7 44. Rh5 Qg4 45. Qxd3+ Kg8 46. Rh4 Nf4+ 47. Bxf4 Re2+ 48. Kf1 Qe6 49. Qxe2 1-0

[Event "Quebec Botvinnik"]
[Site "Quebec"]
[Date "2016.01.25"]
[Round "3"]
[White "Doyon, Stephane"]
[Black "Glode, Martin"]
[Result "1-0"]
[WhiteElo "1754"]
[BlackElo "1769"]
[PlyCount "59"]
[EventDate "2016.01.11"]
[EventType "swiss"]
[EventRounds "5"]
[EventCountry "CAN"]
[SourceTitle "EXT 2022"]
[Source "ChessBase"]
[SourceDate "2021.10.06"]
[SourceVersion "1"]
[SourceVersionDate "2021.10.06"]
[SourceQuality "1"]

1. e4 e6 2. d4 d5 3. Nd2 dxe4 4. Nxe4 Nd7 5. Nf3 Ngf6 6. Nxf6+ Nxf6 7. Bd3 c5 8. dxc5 Bxc5 9. 0-0 0-0 10. Bg5 Be7 11. Qe2 Nd5 12. Bxe7 Qxe7 13. Rad1 Nf4 14. Qe4 Nxd3 15. Rxd3 f6 16. Rfd1 e5 17. Nd4 Qf7 18. Nb5 Be6 19. Nd6 Qc7 20. Rc3 Qb6 21. Nc4 Rfd8 22. Rdd3 Qa6 23. Ne3 Rac8 24. h3 Qb5 25. Rxd8+ Rxd8 26. Rc7 Qe2 27. Qxb7 Qh5 28. Rxg7+ Kh8 29. Qxa7 Rd1+ 30. Nxd1 1-0

[Event "Quebec Montcalm op"]
[Site "Quebec"]
[Date "2016.01.08"]
[Round "1"]
[White "Bolduc, Steve"]
[Black "Doyon, Stephane"]
[Result "1-0"]
[WhiteElo "2307"]
[BlackElo "1816"]
[PlyCount "55"]
[EventDate "2016.01.08"]
[EventType "swiss"]
[EventRounds "5"]
[EventCountry "CAN"]
[SourceTitle "EXT 2022"]
[Source "ChessBase"]
[SourceDate "2021.10.06"]
[SourceVersion "1"]
[SourceVersionDate "2021.10.06"]
[SourceQuality "1"]

1. d4 d5 2. c4 c6 3. Nc3 Nf6 4. Nf3 e6 5. Bg5 dxc4 6. e4 b5 7. e5 h6 8. Bh4 g5 9. Nxg5 hxg5 10. Bxg5 Nbd7 11. exf6 Bb7 12. g3 Qb6 13. Bg2 0-0-0 14. 0-0 c5 15. d5 exd5 16. Nxd5 Bxd5 17. Qxd5 Bh6 18. Bxh6 Rxh6 19. Rad1 Kc7 20. Rd2 Rxf6 21. Rfd1 Re6 22. Bh3 Re7 23. Qg5 f6 24. Qf4+ Kc8 25. Bf5 Qc7 26. Qg4 a5 27. h4 a4 28. a3 1-0

[Event "Ste-Foy - Botvinnik"]
[Site "Ste Foy"]
[Date "2015.09.19"]
[Round "2"]
[White "Doyon, Stephane"]
[Black "Tremblay, Charles"]
[Result "0-1"]
[WhiteElo "1752"]
[BlackElo "1547"]
[PlyCount "56"]
[EventDate "2015.09.12"]
[EventType "swiss"]
[EventRounds "5"]
[EventCountry "CAN"]
[SourceTitle "EXT 2019"]
[Source "ChessBase"]
[SourceDate "2018.10.10"]
[SourceVersion "1"]
[SourceVersionDate "2018.10.10"]
[SourceQuality "1"]

1. e4 c5 2. Nf3 Nc6 3. c3 e6 4. d4 d5 5. e5 cxd4 6. cxd4 Bb4+ 7. Bd2 Nge7 8. Bd3 0-0 9. 0-0 Nf5 10. a3 Bxd2 11. Qxd2 Qb6 12. Rd1 Bd7 13. Nc3 Rac8 14. Bc2 Na5 15. b4 Nc4 16. Ng5 h6 17. Nf3 Ne7 18. Ng5 Ne3 19. fxe3 Rxc3 20. Kh1 Qd8 21. Ba4 Be8 22. Qe2 Qc7 23. Qd3 Bxa4 24. Qe2 Nf5 25. Qf2 Qc5 26. Qf4 Qxd4 27. Qxd4 b5 28. Qe4 dxe4 0-1

[Event "Ste-Foy - Polgar"]
[Site "Ste Foy"]
[Date "2015.06.06"]
[Round "4"]
[White "Doyon, Stephane"]
[Black "Dube, Daniel"]
[Result "0-1"]
[WhiteElo "1742"]
[BlackElo "1985"]
[PlyCount "94"]
[EventDate "2015.05.16"]
[EventType "swiss"]
[EventRounds "5"]
[EventCountry "CAN"]
[SourceTitle "EXT 2019"]
[Source "ChessBase"]
[SourceDate "2018.10.10"]
[SourceVersion "1"]
[SourceVersionDate "2018.10.10"]
[SourceQuality "1"]

1. e4 e5 2. Nf3 Nc6 3. d4 exd4 4. Nxd4 Nf6 5. Nxc6 bxc6 6. Nc3 Bb4 7. Bd3 0-0 8. 0-0 d5 9. exd5 cxd5 10. Bg5 c6 11. Qf3 Bd6 12. h3 Rb8 13. Rab1 Re8 14. Ne2 Be5 15. Ng3 h6 16. Bf4 Rxb2 17. Rxb2 Bxb2 18. Rb1 Be5 19. Bxe5 Rxe5 20. Qf4 Qc7 21. Qf3 c5 22. Bf5 Bxf5 23. Nxf5 Kh7 24. Qg3 g6 25. Nh4 Qe7 26. Rb8 Re1+ 27. Kh2 Nh5 28. Qc3 d4 29. Qb3 Qe5+ 30. g3 Qf6 31. Nf3 c4 32. Qb7 Re2 33. Qc8 Rxf2+ 34. Kg1 Rf1+ 35. Kxf1 Qxf3+ 36. Kg1 Qd1+ 37. Kf2 Qd2+ 38. Kf3 Qe3+ 39. Kg2 Qxg3+ 40. Kf1 Qf4+ 41. Kg2 Qe4+ 42. Kf2 Qe3+ 43. Kg2 Qe2+ 44. Kg1 Qe3+ 45. Kg2 Nf4+ 46. Kh1 Qe1+ 47. Kh2 Qf2+ 0-1

[Event "Ste-Foy - Morphy"]
[Site "Ste Foy"]
[Date "2015.02.28"]
[Round "1"]
[White "Caron, Sebastien"]
[Black "Doyon, Stephane"]
[Result "1-0"]
[WhiteElo "2067"]
[BlackElo "1799"]
[PlyCount "67"]
[EventDate "2015.02.28"]
[EventType "swiss"]
[EventRounds "5"]
[EventCountry "CAN"]
[SourceTitle "EXT 2019"]
[Source "ChessBase"]
[SourceDate "2018.10.10"]
[SourceVersion "1"]
[SourceVersionDate "2018.10.10"]
[SourceQuality "1"]

1. c4 c6 2. e4 d5 3. cxd5 cxd5 4. exd5 Nf6 5. Nc3 Nxd5 6. Qb3 Nxc3 7. dxc3 Nc6 8. Nf3 g6 9. Bf4 Bg7 10. Rd1 Qb6 11. Qxb6 axb6 12. a3 e5 13. Be3 Bg4 14. Be2 0-0 15. h3 Bxf3 16. gxf3 Rfd8 17. 0-0 Kf8 18. Bxb6 Rxd1 19. Rxd1 Ke8 20. Bb5 Bf8 21. Re1 Bd6 22. f4 Kf8 23. Bxc6 bxc6 24. fxe5 Be7 25. Be3 Ra5 26. f4 Rb5 27. Re2 Rd5 28. Rd2 Ke8 29. Rxd5 cxd5 30. a4 Kd7 31. b4 f6 32. Kf2 fxe5 33. fxe5 Bh4+ 34. Kf3 1-0

[Event "Montcalm op"]
[Site "Quebec"]
[Date "2015.01.09"]
[Round "1"]
[White "Cournoyer, Dominic"]
[Black "Doyon, Stephane"]
[Result "1/2-1/2"]
[WhiteElo "1902"]
[BlackElo "1755"]
[PlyCount "101"]
[EventDate "2015.01.09"]
[EventType "swiss"]
[EventRounds "5"]
[EventCountry "CAN"]
[SourceTitle "EXT 2019"]
[Source "ChessBase"]
[SourceDate "2018.10.10"]
[SourceVersion "1"]
[SourceVersionDate "2018.10.10"]
[SourceQuality "1"]

1. c4 c6 2. Nc3 Nf6 3. Nf3 d5 4. cxd5 cxd5 5. d4 Nc6 6. Bf4 Bf5 7. h3 e6 8. e3 Bd6 9. Bxd6 Qxd6 10. Be2 0-0 11. 0-0 a6 12. Rc1 Nd7 13. Na4 Rfc8 14. Qd2 Rc7 15. Nc5 b6 16. Nxa6 Rca7 17. Qc3 Na5 18. Nb4 Nc4 19. Bxc4 Rc7 20. a3 b5 21. Qd2 bxc4 22. Qe2 Rac8 23. e4 Bg6 24. Qe3 Qb6 25. e5 Qb7 26. Nd2 Nb6 27. f3 Na4 28. b3 Nb2 29. bxc4 dxc4 30. Ne4 Bxe4 31. fxe4 c3 32. d5 c2 33. Nc6 Nd1 34. Qc5 Rxc6 35. dxc6 Rxc6 36. Qd4 Qc7 37. Rfxd1 cxd1Q+ 38. Rxd1 h6 39. Kh1 Kh7 40. Kh2 Rc4 41. Qd6 Qa5 42. Rf1 Rxe4 43. Rxf7 Qxe5+ 44. Qxe5 Rxe5 45. Ra7 Re3 46. a4 Kg6 47. a5 Ra3 48. a6 e5 49. Ra8 e4 50. a7 e3 51. Re8 1/2-1/2

[Event "Ste Foy Tal"]
[Site "Ste Foy"]
[Date "2014.12.13"]
[Round "5"]
[White "Theriault, Francis"]
[Black "Doyon, Stephane"]
[Result "1-0"]
[WhiteElo "1605"]
[BlackElo "1806"]
[PlyCount "61"]
[EventDate "2014.11.15"]
[EventType "swiss"]
[EventRounds "5"]
[EventCountry "CAN"]
[SourceTitle "EXT 2022"]
[Source "ChessBase"]
[SourceDate "2021.10.06"]
[SourceVersion "1"]
[SourceVersionDate "2021.10.06"]
[SourceQuality "1"]

1. e4 b6 2. d4 Bb7 3. Nc3 e6 4. Bd3 Bb4 5. Nge2 Nf6 6. 0-0 0-0 7. Bg5 Be7 8. e5 Nd5 9. Bxe7 Qxe7 10. Nxd5 exd5 11. Ng3 g6 12. Qg4 Ba6 13. Bxa6 Nxa6 14. Nh5 Qe6 15. Nf6+ Kg7 16. Qh4 Rh8 17. g4 d6 18. f4 c5 19. c3 Nc7 20. Rae1 Ne8 21. f5 Qe7 22. Nh5+ Kf8 23. f6 Qd7 24. Ng7 h5 25. h3 Nxg7 26. fxg7+ Kxg7 27. Qf6+ Kg8 28. e6 fxe6 29. Qxg6+ Qg7 30. Qxe6+ Kh7 31. Rf7 1-0

[Event "Ste Foy Fischer"]
[Site "Ste Foy"]
[Date "2014.10.25"]
[Round "3"]
[White "Doyon, Stephane"]
[Black "Chouinard, Etienne"]
[Result "0-1"]
[WhiteElo "1832"]
[BlackElo "1821"]
[PlyCount "44"]
[EventDate "2014.10.11"]
[EventType "swiss"]
[EventRounds "5"]
[EventCountry "CAN"]
[SourceTitle "EXT 2022"]
[Source "ChessBase"]
[SourceDate "2021.10.06"]
[SourceVersion "1"]
[SourceVersionDate "2021.10.06"]
[SourceQuality "1"]

1. e4 e5 2. Nf3 Nc6 3. d4 exd4 4. Nxd4 Bc5 5. Be3 Qf6 6. c3 Nge7 7. Bc4 Ne5 8. Be2 Qg6 9. 0-0 d6 10. f3 Bh3 11. Rf2 0-0 12. Kh1 Bd7 13. b4 Bb6 14. Nd2 a5 15. b5 Kh8 16. Nc4 Nxc4 17. Bxc4 f5 18. Re2 fxe4 19. fxe4 Rae8 20. Bd3 Bg4 21. Nf3 Rxf3 22. Bxb6 Rxd3 0-1

[Event "Charlesbourg Fete du travail"]
[Site "Charlesbourg"]
[Date "2014.08.30"]
[Round "2"]
[White "Bourassa, Andre"]
[Black "Doyon, Stephane"]
[Result "1-0"]
[WhiteElo "1738"]
[BlackElo "1882"]
[PlyCount "81"]
[EventDate "2014.08.31"]
[EventType "swiss"]
[EventRounds "5"]
[EventCountry "CAN"]
[SourceTitle "EXT 2022"]
[Source "ChessBase"]
[SourceDate "2021.10.06"]
[SourceVersion "1"]
[SourceVersionDate "2021.10.06"]
[SourceQuality "1"]

1. d4 d5 2. c4 c6 3. e3 Nf6 4. Nc3 e6 5. Bd3 Nbd7 6. Nf3 dxc4 7. Bxc4 b5 8. Bd3 Bb7 9. e4 Be7 10. e5 Nd5 11. Nxd5 cxd5 12. 0-0 a6 13. Bd2 0-0 14. Rc1 Rc8 15. Rxc8 Qxc8 16. Qb1 g6 17. Rc1 Qb8 18. Bh6 Rc8 19. h4 Bf8 20. Bxf8 Nxf8 21. Rxc8 Qxc8 22. Qe1 Qc7 23. Qe3 b4 24. g4 a5 25. h5 Bc8 26. Qg5 a4 27. h6 a3 28. bxa3 bxa3 29. Kg2 f6 30. Qxf6 Qf7 31. Qxf7+ Kxf7 32. Ne1 g5 33. Nf3 Bd7 34. Nxg5+ Kg8 35. f4 Ba4 36. f5 exf5 37. gxf5 Nd7 38. f6 Kh8 39. f7 Nf8 40. e6 Be8 41. e7 1-0